LIBRARY & INFORMATION CENTRE, KCAET, TAVANUR

ONLINE PUBLIC ACCESS CATALOGUE (OPAC)

Text book of strength of materials / (Record no. 7399)

MARC details
000 -LEADER
fixed length control field 00525cam a2200217ua 4500
041 ## - LANGUAGE CODE
Language code of text/sound track or separate title eng
082 ## - DEWEY DECIMAL CLASSIFICATION NUMBER
Classification number 624.17
Item number PRA/TE
100 ## - MAIN ENTRY--AUTHOR NAME
Personal name Prasad, I B .
245 ## - TITLE STATEMENT
Title Text book of strength of materials /
250 ## - EDITION STATEMENT
Edition statement 9 /
260 ## - PUBLICATION, DISTRIBUTION, ETC. (IMPRINT)
Place of publication Delhi :
Name of publisher Khanna publishers ,
Year of publication 1993.
300 ## - PHYSICAL DESCRIPTION
Number of Pages 1039 ; .
500 ## - GENERAL NOTE
General note 1915-52 Scheme
942 ## - ADDED ENTRY ELEMENTS (KOHA)
Koha item type Books
Holdings
Withdrawn status Lost status Damaged status Home library Current library Date acquired Full call number Accession Number Koha item type Shelving location
Withdrawn   Damaged KAUAET   07/04/2012 624.17 12875 Books  
      KAUAET KAUAET 07/04/2012 624.17 19152 Book Bank scheme for SC students Scheme
      KAUAET KAUAET 07/04/2012 624.17 19151 Book Bank scheme for SC students Scheme
free website counter